[Event "Liga Vasca 2010 - Division de Honor"]
[Site "Euskadi ESP"]
[Date "2010.01.23"]
[Round "3.52"]
[White "Ruiz Gomez, Alejandro"]
[Black "Hernandez, Elvis"]
[Result "1-0"]
[WhiteElo "2357"]
[BlackElo "2275"]
[PlyCount "120"]
[EventDate "2010.01.09"]
[EventType "team"]
[EventRounds "9"]
[EventCountry "ESP"]
[Source "lmi"]
[SourceDate "2010.01.09"]

1. e4 e6 2. d4 d5 3. Nc3 Bb4 4. exd5 exd5 5. Bd3 Nc6 6. a3 Bxc3+ 7. bxc3 Nge7
8. Qh5 Be6 9. Rb1 b6 10. Nf3 Qd7 11. h3 O-O-O 12. Ng5 Rde8 13. O-O g6 14. Qf3
Nf5 15. Bf4 h6 16. Nxe6 fxe6 17. Ba6+ Kb8 18. a4 Ref8 19. Qd3 g5 20. Bh2 h5 21.
Bb5 g4 22. a5 gxh3 23. axb6 axb6 24. Qxh3 Kb7 25. Ra1 Ra8 26. Rxa8 Rxa8 27.
Qxh5 Ra3 28. Qh8 Nd6 29. Bd3 Rxc3 30. Ra1 Nb8 31. Bf4 Nc4 32. Qf6 Nb2 33. Bd2
Rxd3 34. cxd3 Nxd3 35. Qg6 Nb2 36. Re1 Nc6 37. Bc3 Na4 38. Ba1 Nd8 39. g4 b5
40. Qd3 Nb6 41. Kg2 Nc4 42. Bc3 Qg7 43. f3 Qe7 44. Rb1 Kc6 45. Be1 Nb7 46. Bb4
Qf6 47. Re1 Nbd6 48. Bc5 Nb7 49. Bb4 Nbd6 50. Kg3 Kd7 51. Bc5 Qg7 52. Rh1 Kc6
53. Qh7 Qg5 54. f4 Qf6 55. g5 Qf8 56. Re1 Nf5+ 57. Kf2 Nfd6 58. Kg3 Nf5+ 59.
Kg4 Qc8 60. Qg6 Nxd4 1-0

[Event "Liga Vasca 2010 - Division de Honor"]
[Site "Euskadi ESP"]
[Date "2010.01.23"]
[Round "3.53"]
[White "Sanz Perez, Eduardo"]
[Black "Limeres Guiance, Cristobal"]
[Result "0-1"]
[WhiteElo "2149"]
[BlackElo "2250"]
[PlyCount "42"]
[EventDate "2010.01.09"]
[EventType "team"]
[EventRounds "9"]
[EventCountry "ESP"]
[Source "lmi"]
[SourceDate "2010.01.09"]

1. f4 d5 2. e3 g6 3. Nf3 Bg7 4. d4 Nh6 5. c4 c6 6. Nc3 O-O 7. Qb3 e6 8. Be2 b6
9. cxd5 cxd5 10. Bd2 Nc6 11. Rc1 Bb7 12. O-O Qe7 13. Ne5 Na5 14. Qa4 f6 15. Nf3
Rfc8 16. Nb1 Qd8 17. Bb5 Nf7 18. Na3 a6 19. Bd7 Rxc1 20. Rxc1 Bc8 21. Bxc8 Rxc8
0-1

[Event "Liga Vasca 2010 - Division de Honor"]
[Site "Euskadi ESP"]
[Date "2010.01.23"]
[Round "3.54"]
[White "Gete Rodriguez, Isidro"]
[Black "Segovia Sanchez, Antonio"]
[Result "1-0"]
[WhiteElo "2132"]
[BlackElo "1998"]
[PlyCount "113"]
[EventDate "2010.01.09"]
[EventType "team"]
[EventRounds "9"]
[EventCountry "ESP"]
[Source "lmi"]
[SourceDate "2010.01.09"]

1. d4 d5 2. c4 c6 3. Nf3 Nf6 4. Nc3 a6 5. c5 Bf5 6. h3 Nbd7 7. Bf4 e6 8. e3 Be7
9. b4 b6 10. a4 Qc8 11. Bd3 Bxd3 12. Qxd3 a5 13. bxa5 bxc5 14. O-O O-O 15. Rab1
Rxa5 16. Rb2 Ne8 17. e4 Nd6 18. Rfb1 cxd4 19. Qxd4 f6 20. Qb4 Rc5 21. Nd2 d4
22. Ne2 e5 23. Bg3 Re8 24. f3 Nf7 25. Qb3 Ra5 26. Nc4 Nc5 27. Qd1 Qa6 28. Nxa5
Qxa5 29. Rb8 Rxb8 30. Rxb8+ Nd8 31. Be1 Qa7 32. Rb1 Nxa4 33. Qb3+ Kf8 34. Kh2
Nc5 35. Qc4 Nce6 36. Bg3 Qc5 37. Rc1 Qa3 38. f4 exf4 39. Nxf4 Nxf4 40. Bxf4 c5
41. e5 f5 42. e6 g5 43. Be5 Qe3 44. Bb8 Nxe6 45. Qf1 f4 46. Re1 Qb3 47. Qe2 Qe3
48. Qd1 Qg3+ 49. Kh1 Ng7 50. Re5 Qc3 51. Qg4 Qa1+ 52. Kh2 Qa6 53. Qd7 Qf6 54.
Qd5 h6 55. Bc7 h5 56. Rxe7 Kxe7 57. Bd8+ 1-0

[Event "Liga Vasca 2010 - Division de Honor"]
[Site "Euskadi ESP"]
[Date "2010.01.30"]
[Round "4.11"]
[White "Bauer, Christian"]
[Black "Iruzubieta Villaluenga, Jesus M"]
[Result "1-0"]
[WhiteElo "2594"]
[BlackElo "2416"]
[PlyCount "43"]
[EventDate "2010.01.09"]
[EventType "team"]
[EventRounds "9"]
[EventCountry "ESP"]
[Source "lmi"]
[SourceDate "2010.01.09"]

1. e4 e5 2. Nf3 Nc6 3. Bc4 Nf6 4. d3 Bc5 5. c3 a6 6. Bb3 Ba7 7. Nbd2 d6 8. h3
O-O 9. Nh2 Be6 10. Ndf1 Nd7 11. Ng3 Bxb3 12. axb3 Nc5 13. b4 Ne6 14. Ng4 d5 15.
Qf3 dxe4 16. dxe4 Qd7 17. Nf6+ gxf6 18. Nh5 Qe7 19. Nxf6+ Kg7 20. Bh6+ Kxh6 21.
Qh5+ Kg7 22. Qxh7+ 1-0

[Event "Liga Vasca 2010 - Division de Honor"]
[Site "Euskadi ESP"]
[Date "2010.01.30"]
[Round "4.12"]
[White "Ruiz Gomez, Alejandro"]
[Black "Franco Alonso, Alejandro"]
[Result "1-0"]
[WhiteElo "2357"]
[BlackElo "2472"]
[PlyCount "79"]
[EventDate "2010.01.09"]
[EventType "team"]
[EventRounds "9"]
[EventCountry "ESP"]
[Source "lmi"]
[SourceDate "2010.01.09"]

1. e4 c5 2. Nf3 e6 3. c3 Nf6 4. Bd3 Nc6 5. Bc2 b6 6. O-O Bb7 7. Re1 Be7 8. d4
cxd4 9. e5 Nd5 10. Nxd4 Nxd4 11. Qxd4 f5 12. c4 Bc5 13. Qd1 Qh4 14. Qe2 Nf4 15.
Bxf4 Qxf4 16. Nd2 O-O 17. Nb3 Qg5 18. Qf1 Bb4 19. Red1 Rf7 20. a3 Bf8 21. Nd4
f4 22. Re1 Rc8 23. Be4 Ba6 24. Rac1 Kh8 25. Nf3 Qh5 26. b4 Rc7 27. Qd3 g5 28.
h3 g4 29. hxg4 Qxg4 30. Nd2 Rg7 31. Bf3 Qh4 32. Ne4 Rg6 33. Nd6 Bxd6 34. exd6
Rh6 35. Kf1 Rc8 36. b5 Bxb5 37. g3 fxg3 38. cxb5 Rf8 39. Re4 Qf6 40. Rc3 1-0

[Event "Liga Vasca 2010 - Division de Honor"]
[Site "Euskadi ESP"]
[Date "2010.01.30"]
[Round "4.13"]
[White "Gonzalez de la Torre, Santiago"]
[Black "Limeres Guiance, Cristobal"]
[Result "1-0"]
[WhiteElo "2405"]
[BlackElo "2250"]
[PlyCount "37"]
[EventDate "2010.01.09"]
[EventType "team"]
[EventRounds "9"]
[EventCountry "ESP"]
[Source "lmi"]
[SourceDate "2010.01.09"]

1. e4 b6 2. d4 Bb7 3. Nc3 g6 4. Bg5 Bg7 5. Qd2 d6 6. O-O-O h6 7. Be3 Nd7 8. d5
e5 9. g4 f5 10. gxf5 gxf5 11. exf5 Ne7 12. Nf3 Nxf5 13. Rg1 Nxe3 14. Qxe3 Qe7
15. Nd4 Bf6 16. Ne6 Nc5 17. Bb5+ Kf7 18. Qf3 h5 19. Rg7# 1-0

[Event "Liga Vasca 2010 - Division de Honor"]
[Site "Euskadi ESP"]
[Date "2010.01.30"]
[Round "4.14"]
[White "Gete Rodriguez, Isidro"]
[Black "Argandoña Rivero, Iñigo"]
[Result "0-1"]
[WhiteElo "2132"]
[BlackElo "2382"]
[PlyCount "140"]
[EventDate "2010.01.09"]
[EventType "team"]
[EventRounds "9"]
[EventCountry "ESP"]
[Source "lmi"]
[SourceDate "2010.01.09"]

1. Nf3 d5 2. d4 c6 3. e3 e6 4. Bd3 Bd6 5. Nbd2 f5 6. Ne5 Bxe5 7. dxe5 Ne7 8.
Qh5+ g6 9. Qh6 Nd7 10. Nf3 Qc7 11. b3 Nxe5 12. Nxe5 Qxe5 13. Rb1 Ng8 14. Qh4
Qf6 15. Qg3 Qe7 16. Qe5 Nf6 17. Bb2 Rf8 18. O-O Nd7 19. Qc7 e5 20. f4 e4 21.
Be2 Qb4 22. Kf2 Rf7 23. Rbd1 Re7 24. a3 Qb6 25. Qd6 Qc5 26. Qxc5 Nxc5 27. h4 h5
28. Bd4 Ne6 29. Be5 Nd8 30. Rd2 Be6 31. Rfd1 Rd7 32. Ke1 a5 33. Kf2 a4 34. b4
b5 35. Ke1 Rb7 36. Bd4 Bf7 37. Rb1 Ne6 38. Be5 Rc8 39. Rb2 Ke7 40. Rb1 Be8 41.
Rb2 Nf8 42. Kf2 Nd7 43. Bd4 c5 44. bxc5 Nxc5 45. Rd1 Ne6 46. Be5 Rb6 47. Rd2
Rc5 48. Ke1 Ra6 49. Kf2 Ra8 50. Ke1 Rac8 51. Kf2 d4 52. exd4 Rd5 53. Rb4 Rc3
54. Kg1 Kd8 55. Bf1 Kc8 56. Be2 Kb7 57. Kf1 Kb6 58. Ke1 Ka5 59. Rb2 Re3 60. c4
bxc4 61. Rb8 Bb5 62. Kf2 Rxa3 63. Rb2 Rb3 64. Ra8+ Kb4 65. Ra2 Nxd4 66. Bd1 e3+
67. Ke1 Rb1 68. R8xa4+ Bxa4 69. Rxa4+ Kb5 70. Ra8 Nc6 0-1

[Event "Liga Vasca 2010 - Division de Honor"]
[Site "Euskadi ESP"]
[Date "2010.01.30"]
[Round "4.21"]
[White "Astasio Lopez, David"]
[Black "Hernandez, Elvis"]
[Result "0-1"]
[WhiteElo "2303"]
[BlackElo "2275"]
[PlyCount "108"]
[EventDate "2010.01.09"]
[EventType "team"]
[EventRounds "9"]
[EventCountry "ESP"]
[Source "lmi"]
[SourceDate "2010.01.09"]

1. d4 d5 2. Nf3 Nf6 3. Nbd2 e6 4. e3 c5 5. c3 Nc6 6. Bd3 Bd6 7. O-O O-O 8. Qe2
Qc7 9. b3 cxd4 10. cxd4 e5 11. dxe5 Nxe5 12. Bb2 Nxf3+ 13. Nxf3 Ne4 14. h3 Qe7
15. Rad1 Bf5 16. Nd4 Bg6 17. Nb5 Bc5 18. Bb1 a6 19. Nd4 Rad8 20. Rc1 Bd6 21.
Ba1 Rfe8 22. Qg4 h5 23. Qe2 Bb8 24. Rfe1 Qd6 25. f4 f6 26. Nf3 Qd7 27. Bd4 Bf7
28. Qb2 Bd6 29. Bd3 Qe7 30. Rb1 Ba3 31. Qa1 Rc8 32. Nh4 Rc6 33. Nf5 Qd7 34. Nh4
Qe7 35. Nf3 Rec8 36. Bb2 Bb4 37. Rf1 Nc3 38. Rbe1 Ne4 39. Rc1 Nd2 40. Bd4 Nxf1
41. Rxc6 bxc6 42. Bxa6 Ra8 43. Bxf1 c5 44. Bb2 Qxe3+ 45. Kh1 Qxf4 46. Qb1 Re8
47. Bb5 Rb8 48. Bd3 c4 49. Bh7+ Kf8 50. Bc1 Qg3 51. Qf5 Bd6 52. b4 Re8 53. Bd2
Re2 54. Qc8+ Be8 0-1

[Event "Liga Vasca 2010 - Division de Honor"]
[Site "Euskadi ESP"]
[Date "2010.01.30"]
[Round "4.22"]
[White "Sanz Perez, Eduardo"]
[Black "Perez de Miguel, Alvaro"]
[Result "1-0"]
[WhiteElo "2149"]
[BlackElo "2193"]
[PlyCount "63"]
[EventDate "2010.01.09"]
[EventType "team"]
[EventRounds "9"]
[EventCountry "ESP"]
[Source "lmi"]
[SourceDate "2010.01.09"]

1. f4 Nf6 2. Nf3 d5 3. e3 Bg4 4. h3 Bxf3 5. Qxf3 e5 6. fxe5 Ne4 7. Qf4 Be7 8.
Bb5+ c6 9. O-O O-O 10. Bd3 Nc5 11. Be2 Ne6 12. Qg4 Nd7 13. d4 c5 14. c3 Qb6 15.
Bd3 Rac8 16. Nd2 cxd4 17. exd4 f6 18. Qh4 g6 19. Nf3 Rf7 20. exf6 Rxf6 21. Ng5
Ndf8 22. Rxf6 Bxf6 23. Qg4 Re8 24. Nxe6 Rxe6 25. Bh6 Qxb2 26. Rf1 Qb6 27. Qf3
Qc6 28. Bc2 Nd7 29. Bb3 Nb6 30. g4 g5 31. Bxg5 Kg7 32. Qf5 1-0

[Event "Liga Vasca 2010 - Division de Honor"]
[Site "Euskadi ESP"]
[Date "2010.01.30"]
[Round "4.23"]
[White "Villalta Bustillo, Igor"]
[Black "Lakunza Oyarbide, Juan Carlos"]
[Result "1-0"]
[WhiteElo "2157"]
[BlackElo "2137"]
[PlyCount "45"]
[EventDate "2010.01.09"]
[EventType "team"]
[EventRounds "9"]
[EventCountry "ESP"]
[Source "lmi"]
[SourceDate "2010.01.09"]

1. d4 Nf6 2. Nf3 g6 3. Nbd2 Bg7 4. e4 d6 5. Bc4 O-O 6. O-O Nc6 7. c3 e5 8. dxe5
dxe5 9. Re1 Qe7 10. Qc2 Be6 11. Bf1 Qc5 12. Nc4 Bxc4 13. b4 Qb5 14. a4 Qa6 15.
b5 Bxb5 16. Bxb5 Qa5 17. Nd2 Nd4 18. cxd4 c6 19. dxe5 Ng4 20. h3 Nxe5 21. Be2
Nf3+ 22. Nxf3 Bxa1 23. Bd2 1-0

[Event "Liga Vasca 2010 - Division de Honor"]
[Site "Euskadi ESP"]
[Date "2010.01.30"]
[Round "4.24"]
[White "Segovia Sanchez, Antonio"]
[Black "Gutierrez Bustillo, Diego"]
[Result "0-1"]
[WhiteElo "1998"]
[BlackElo "2020"]
[PlyCount "60"]
[EventDate "2010.01.09"]
[EventType "team"]
[EventRounds "9"]
[EventCountry "ESP"]
[Source "lmi"]
[SourceDate "2010.01.09"]

1. d4 Nf6 2. Nf3 g6 3. Bf4 Bg7 4. Nbd2 d6 5. e3 O-O 6. h3 c5 7. c3 Nc6 8. Be2
Bf5 9. O-O a6 10. a4 cxd4 11. exd4 Nd5 12. Bh2 e5 13. Nc4 Nb6 14. Ne3 Bd7 15.
dxe5 dxe5 16. a5 Nc8 17. Nc4 Qe7 18. Re1 Rd8 19. Bd3 Bf5 20. Ncxe5 Nxe5 21.
Nxe5 Bxe5 22. Rxe5 Rxd3 23. Qe2 Qd7 24. Re8+ Kg7 25. Be5+ f6 26. Bd4 Rd2 27.
Qe3 Rxb2 28. Re1 Rb1 29. Rxb1 Bxb1 30. Qg5 Qxd4 0-1

[Event "Liga Vasca 2010 - Division de Honor"]
[Site "Euskadi ESP"]
[Date "2010.01.30"]
[Round "4.32"]
[White "Fernandez Lopategi, Jon Andoni"]
[Black "Rada Equiza, Miguel"]
[Result "0-1"]
[WhiteElo "2066"]
[BlackElo "2262"]
[PlyCount "60"]
[EventDate "2010.01.09"]
[EventType "team"]
[EventRounds "9"]
[EventCountry "ESP"]
[Source "lmi"]
[SourceDate "2010.01.09"]

1. Nf3 f5 2. c4 Nf6 3. g3 g6 4. Bg2 Bg7 5. O-O O-O 6. Nc3 d6 7. Qc2 e5 8. d3
Nc6 9. a3 h6 10. e3 g5 11. Ne1 Ne7 12. f4 Ng6 13. Ne2 c6 14. d4 exf4 15. exf4
g4 16. b4 Re8 17. Bb2 Qe7 18. Nc3 Qf7 19. d5 cxd5 20. Nxd5 Nxd5 21. Bxd5 Be6
22. Rd1 Rac8 23. Bxg7 Bxd5 24. Rxd5 Qxd5 25. cxd5 Rxc2 26. Nxc2 Kxg7 27. Kf2
Re4 28. Ne3 Kf6 29. Rc1 Ne7 30. Rc7 Rxe3 0-1

[Event "Liga Vasca 2010 - Division de Honor"]
[Site "Euskadi ESP"]
[Date "2010.01.30"]
[Round "4.33"]
[White "Rebole Arbea, Jose Ignacio"]
[Black "Carasa del Portillo, Mikel"]
[Result "1-0"]
[WhiteElo "2236"]
[BlackElo "2043"]
[PlyCount "155"]
[EventDate "2010.01.09"]
[EventType "team"]
[EventRounds "9"]
[EventCountry "ESP"]
[Source "lmi"]
[SourceDate "2010.01.09"]

1. g3 d5 2. Bg2 c6 3. d4 Nf6 4. Nf3 Bf5 5. c4 h6 6. O-O e6 7. b3 Bd6 8. Bb2 O-O
9. Ne5 Nbd7 10. Nd2 Qc7 11. Ndf3 Rac8 12. Rc1 Qb8 13. Nd3 b5 14. c5 Bc7 15.
Nfe5 Nxe5 16. Nxe5 Qb7 17. e3 Rcd8 18. Qe2 Nd7 19. Nxd7 Rxd7 20. f3 Bg6 21. e4
Qb8 22. e5 Re7 23. Rce1 Ba5 24. Rd1 Qe8 25. a3 a6 26. f4 f5 27. exf6 Rxf6 28.
Bf3 Bf5 29. b4 Bc7 30. Bc1 Bh3 31. Rf2 Bf5 32. a4 Bb8 33. Be3 Ra7 34. Ra1 Rb7
35. Rff1 Qg6 36. Rfc1 Bd3 37. Qd1 Be4 38. Bh5 Qf5 39. Bg4 Qg6 40. Be2 Bxf4 41.
Bxf4 Rxf4 42. axb5 axb5 43. Ra8+ Rf8 44. Rxf8+ Kxf8 45. Ra1 Qg5 46. Ra8+ Ke7
47. Qf1 Qe3+ 48. Qf2 Qxf2+ 49. Kxf2 Rc7 50. Ke3 Kf6 51. Rf8+ Ke7 52. Ra8 Bg6
53. h4 Kf6 54. Rf8+ Bf7 55. Bh5 g6 56. Bg4 e5 57. Rd8 exd4+ 58. Kxd4 Re7 59.
Rd6+ Kg7 60. Bf3 Be8 61. Kd3 h5 62. Rd8 Kf7 63. Kd4 Re1 64. Ra8 Ke7 65. Ra3 Rb1
66. Ke5 Rxb4 67. Ra7+ Bd7 68. Bxd5 Ra4 69. Rb7 cxd5 70. c6 Kd8 71. Rxd7+ Kc8
72. Kd6 d4 73. Rg7 Kb8 74. Rg8+ Ka7 75. c7 Rc4 76. c8=Q Rxc8 77. Rxc8 d3 78.
Kc5 1-0

[Event "Liga Vasca 2010 - Division de Honor"]
[Site "Euskadi ESP"]
[Date "2010.01.30"]
[Round "4.34"]
[White "Urbieta Gabancho, Koldo"]
[Black "Ortega Lopez, Adrian"]
[Result "0-1"]
[WhiteElo "1983"]
[BlackElo "1869"]
[PlyCount "114"]
[EventDate "2010.01.09"]
[EventType "team"]
[EventRounds "9"]
[EventCountry "ESP"]
[Source "lmi"]
[SourceDate "2010.01.09"]

1. Nf3 e6 2. c4 d5 3. b3 c6 4. Bb2 f5 5. g3 Nf6 6. Bg2 Be7 7. O-O O-O 8. e3
Nbd7 9. Qc2 Ne4 10. d3 Nec5 11. b4 Na6 12. a3 Nc7 13. Nbd2 Nf6 14. Rac1 Bd7 15.
Ne5 Be8 16. Ndf3 Bh5 17. Qc3 Bxf3 18. Bxf3 Nce8 19. a4 Nd7 20. d4 Nef6 21. Rfd1
Ne4 22. Qb3 Nd6 23. Be2 Nf7 24. b5 Rb8 25. Qa2 Ndxe5 26. dxe5 Qa5 27. cxd5 cxd5
28. Rc2 Rbc8 29. Rdc1 Rxc2 30. Rxc2 Ng5 31. Kg2 Qb4 32. Bd4 Nf7 33. f4 Qa5 34.
Qb3 Qb4 35. Qxb4 Bxb4 36. Rc7 Nd8 37. Bxa7 Ba5 38. Rc2 b6 39. Bb8 Nb7 40. Bd6
Rd8 41. Ba3 Rd7 42. Bf3 h6 43. Kf2 Kf7 44. Ke2 g6 45. Rc8 h5 46. h3 Kg7 47. g4
hxg4 48. hxg4 Nc5 49. Bxc5 bxc5 50. Rxc5 d4 51. Rc4 d3+ 52. Kd1 d2 53. e4 Rd3
54. Be2 Ra3 55. Kc2 Ra1 56. Rd4 Rc1+ 57. Kb2 Bc3+ 0-1

[Event "Liga Vasca 2010 - Division de Honor"]
[Site "Euskadi ESP"]
[Date "2010.01.30"]
[Round "4.41"]
[White "Alonso Arburu, Juan Ignacio"]
[Black "Montoya Irigoyen, Iñigo"]
[Result "1-0"]
[WhiteElo "2372"]
[BlackElo "2083"]
[PlyCount "35"]
[EventDate "2010.01.09"]
[EventType "team"]
[EventRounds "9"]
[EventCountry "ESP"]
[Source "lmi"]
[SourceDate "2010.01.09"]

1. c4 Nf6 2. Nc3 e6 3. d4 Bb4 4. e3 O-O 5. Nge2 b6 6. a3 Be7 7. Nf4 d5 8. cxd5
exd5 9. Bd3 Ba6 10. O-O Bxd3 11. Qxd3 a5 12. f3 Qd7 13. Bd2 Na6 14. Rad1 Rfd8
15. Be1 h6 16. e4 dxe4 17. fxe4 Nc5 18. dxc5 1-0

[Event "Liga Vasca 2010 - Division de Honor"]
[Site "Euskadi ESP"]
[Date "2010.01.30"]
[Round "4.43"]
[White "Alonso Arburu, Jose Maria"]
[Black "Moral Barragan, Diego"]
[Result "1-0"]
[WhiteElo "2101"]
[BlackElo "1762"]
[PlyCount "61"]
[EventDate "2010.01.09"]
[EventType "team"]
[EventRounds "9"]
[EventCountry "ESP"]
[Source "lmi"]
[SourceDate "2010.01.09"]

1. c4 f5 2. g3 g6 3. Bg2 Nf6 4. Nf3 Bg7 5. O-O O-O 6. Nc3 d6 7. d4 Nbd7 8. Ng5
Nb8 9. b4 h6 10. Nf3 Nbd7 11. Qb3 Kh7 12. Rd1 c6 13. Bb2 Qe8 14. d5 c5 15. a3
b6 16. Nb5 Qd8 17. Nd2 a6 18. Nc3 Nh5 19. e3 Qe8 20. Ne2 Bxb2 21. Qxb2 Qf7 22.
f4 Nhf6 23. Re1 Rb8 24. e4 fxe4 25. Nc3 e3 26. Rxe3 Ng4 27. Re2 h5 28. Rae1 Re8
29. Nce4 Qg7 30. Qxg7+ Kxg7 31. Nxd6 1-0

[Event "Liga Vasca 2010 - Division de Honor"]
[Site "Euskadi ESP"]
[Date "2010.01.30"]
[Round "4.51"]
[White "Miguel Quintero, Francisco"]
[Black "Del Rio Angelis, Salvador Gabriel"]
[Result "0-1"]
[WhiteElo "2258"]
[BlackElo "2544"]
[PlyCount "64"]
[EventDate "2010.01.09"]
[EventType "team"]
[EventRounds "9"]
[EventCountry "ESP"]
[Source "lmi"]
[SourceDate "2010.01.09"]

1. e4 e6 2. d4 d5 3. Nd2 Nc6 4. Ngf3 Nf6 5. e5 Nd7 6. Nb3 a5 7. a4 Be7 8. c3
O-O 9. Bd3 f6 10. exf6 Bxf6 11. O-O e5 12. dxe5 Ndxe5 13. Be2 Kh8 14. Bf4 Nc4
15. Qc1 Bg4 16. h3 Bh5 17. Re1 Bxf3 18. Bxf3 Be5 19. Bg5 Qd6 20. Nd2 Bh2+ 21.
Kh1 N6e5 22. Nxc4 dxc4 23. Rd1 Nd3 24. Qc2 Bf4 25. Bxf4 Rxf4 26. Rd2 Raf8 27.
Rad1 Rxf3 28. gxf3 Rxf3 29. Kg2 Qd5 30. Kh2 Qh5 31. Kg2 Qxh3+ 32. Kg1 Qg4+ 0-1

[Event "Liga Vasca 2010 - Division de Honor"]
[Site "Euskadi ESP"]
[Date "2010.01.30"]
[Round "4.52"]
[White "Riff, Jean Noel"]
[Black "Miguel Quintero, Antonio"]
[Result "1/2-1/2"]
[WhiteElo "2515"]
[BlackElo "2181"]
[PlyCount "94"]
[EventDate "2010.01.09"]
[EventType "team"]
[EventRounds "9"]
[EventCountry "ESP"]
[Source "lmi"]
[SourceDate "2010.01.09"]

1. e4 e5 2. Nf3 Nf6 3. Nxe5 d6 4. Nc4 Nxe4 5. Nc3 Nxc3 6. bxc3 Be7 7. d4 O-O 8.
Ne3 Nd7 9. Bd3 Nf6 10. O-O d5 11. Re1 Re8 12. Rb1 c6 13. c4 Bd6 14. cxd5 Nxd5
15. Nxd5 Rxe1+ 16. Qxe1 cxd5 17. Qe2 b6 18. Qh5 g6 19. Qf3 Be6 20. g3 Rc8 21.
Bd2 Be7 22. h4 Bf6 23. Qf4 Bg7 24. c3 Qf6 25. Rb3 Qxf4 26. Bxf4 Bf8 27. Ba6 Rd8
28. f3 Bd6 29. Bxd6 Rxd6 30. Kf2 h6 31. Bb5 g5 32. hxg5 hxg5 33. Ra3 a5 34. Rb3
Bf5 35. Ba6 Rf6 36. Ke3 g4 37. Be2 Re6+ 38. Kf2 Rf6 39. Ke3 Re6+ 40. Kd2 gxf3
41. Bxf3 Rd6 42. Rb5 Be6 43. Rb1 Kf8 44. Rh1 Ke7 45. Rh5 b5 46. a3 Kf6 47. Re5
Rd8 1/2-1/2

[Event "Liga Vasca 2010 - Division de Honor"]
[Site "Euskadi ESP"]
[Date "2010.01.30"]
[Round "4.53"]
[White "Alcaide Luque, Aitor"]
[Black "Romero Holmes, Alfonso"]
[Result "1/2-1/2"]
[WhiteElo "2144"]
[BlackElo "2515"]
[PlyCount "62"]
[EventDate "2010.01.09"]
[EventType "team"]
[EventRounds "9"]
[EventCountry "ESP"]
[Source "lmi"]
[SourceDate "2010.01.09"]

1. d4 b5 2. e4 Bb7 3. Bd3 e6 4. Qe2 a6 5. Nf3 c5 6. c3 Nf6 7. O-O h6 8. Rd1 Qc7
9. Nbd2 cxd4 10. cxd4 Nc6 11. Nb3 Na5 12. Nxa5 Qxa5 13. Bf4 Be7 14. Rdc1 d6 15.
h3 Nd7 16. e5 Qb6 17. a4 bxa4 18. Rxa4 O-O 19. Be3 Bd5 20. Rxa6 Rxa6 21. Bxa6
Rb8 22. Bc4 Bxf3 23. Qxf3 Qxb2 24. exd6 Bg5 25. Bd3 Bxe3 26. Qxe3 Qb4 27. Qe4
Nf6 28. Qe5 Qd2 29. Qe3 Qxe3 30. fxe3 Rd8 31. e4 e5 1/2-1/2

[Event "Liga Vasca 2010 - Division de Honor"]
[Site "Euskadi ESP"]
[Date "2010.01.30"]
[Round "4.54"]
[White "Gomez Esteban, Juan Mario"]
[Black "Alcaide Rodriguez, Mikel"]
[Result "1-0"]
[WhiteElo "2490"]
[BlackElo "1794"]
[PlyCount "45"]
[EventDate "2010.01.09"]
[EventType "team"]
[EventRounds "9"]
[EventCountry "ESP"]
[Source "lmi"]
[SourceDate "2010.01.09"]

1. d4 Nf6 2. Nf3 d5 3. c4 e6 4. Nc3 Be7 5. Bf4 c6 6. e3 O-O 7. h3 Nbd7 8. Bd3
b6 9. O-O Bb7 10. Qe2 Re8 11. Rfd1 Nf8 12. e4 Ng6 13. Bh2 dxe4 14. Nxe4 Nxe4
15. Bxe4 Bd6 16. Ne5 Qe7 17. Qf3 Bxe5 18. dxe5 Rac8 19. Rd6 Qc7 20. Rad1 Red8
21. h4 Ne7 22. Bxh7+ Kf8 23. Be4 1-0

[Event "Liga Vasca 2010 - Division de Honor"]
[Site "Euskadi ESP"]
[Date "2010.02.06"]
[Round "5.11"]
[White "Bauer, Christian"]
[Black "Moiseenko, Alexandr"]
[Result "1/2-1/2"]
[WhiteElo "2594"]
[BlackElo "2677"]
[PlyCount "81"]
[EventDate "2010.01.09"]
[EventType "team"]
[EventRounds "9"]
[EventCountry "ESP"]
[Source "lmi"]
[SourceDate "2010.01.09"]

1. e4 d6 2. d4 Nf6 3. Nc3 e5 4. Nge2 c6 5. g3 Nbd7 6. a4 b6 7. Bg2 a6 8. O-O
Bb7 9. h3 h5 10. Be3 Be7 11. Qd2 O-O 12. f3 Re8 13. g4 Nf8 14. Ng3 Ne6 15. Nce2
hxg4 16. fxg4 d5 17. dxe5 Nxe4 18. Nxe4 dxe4 19. Rad1 Qxd2 20. Rxd2 Rad8 21.
Rxd8 Rxd8 22. Nc3 b5 23. Nxe4 bxa4 24. Ra1 Rd5 25. Nd6 Rxe5 26. Nc4 Rb5 27.
Rxa4 Bd8 28. b3 Bc7 29. Kf2 Kf8 30. Na3 Ra5 31. Rxa5 Bxa5 32. Nc4 Bc7 33. Bb6
Bxb6+ 34. Nxb6 Ke7 35. h4 f6 36. Nc4 Nd4 37. Be4 Bc8 38. Ke3 c5 39. g5 Be6 40.
Nb6 fxg5 41. hxg5 1/2-1/2

[Event "Liga Vasca 2010 - Division de Honor"]
[Site "Euskadi ESP"]
[Date "2010.02.06"]
[Round "5.12"]
[White "Hamdouchi, Hichem"]
[Black "Istratescu, Andrei"]
[Result "1/2-1/2"]
[WhiteElo "2590"]
[BlackElo "2624"]
[PlyCount "75"]
[EventDate "2010.01.09"]
[EventType "team"]
[EventRounds "9"]
[EventCountry "ESP"]
[Source "lmi"]
[SourceDate "2010.01.09"]

1. e4 c5 2. Nf3 d6 3. d4 cxd4 4. Nxd4 Nf6 5. Nc3 a6 6. f4 e5 7. Nf3 Nbd7 8. Bd3
Be7 9. O-O O-O 10. a4 exf4 11. Kh1 Nh5 12. Be2 Ndf6 13. Ne1 g6 14. Nd3 Re8 15.
Nxf4 Nxf4 16. Bxf4 Be6 17. Qd4 Rc8 18. Bh6 d5 19. exd5 Bxd5 20. Nxd5 Qxd5 21.
Qxd5 Nxd5 22. Bf3 Nf6 23. c3 b5 24. a5 b4 25. cxb4 Bxb4 26. Bb7 Rc7 27. Bxa6
Ng4 28. Bf4 Rc2 29. Bb5 Ra8 30. a6 Nf2+ 31. Rxf2 Rxf2 32. Be3 Rxb2 33. Bc4 Bc3
34. Rf1 Rb4 35. Bxf7+ Kg7 36. Bd5 Rxa6 37. Rf7+ Kh8 38. Rf8+ 1/2-1/2

[Event "Liga Vasca 2010 - Division de Honor"]
[Site "Euskadi ESP"]
[Date "2010.02.06"]
[Round "5.13"]
[White "Del Rio Angelis, Salvador Gabriel"]
[Black "Cifuentes Parada, Roberto"]
[Result "1/2-1/2"]
[WhiteElo "2544"]
[BlackElo "2525"]
[PlyCount "58"]
[EventDate "2010.01.09"]
[EventType "team"]
[EventRounds "9"]
[EventCountry "ESP"]
[Source "lmi"]
[SourceDate "2010.01.09"]

1. d4 d5 2. c4 c6 3. Nf3 Nf6 4. Nc3 e6 5. e3 Nbd7 6. Qc2 Bd6 7. Bd3 O-O 8. O-O
dxc4 9. Bxc4 b5 10. Bd3 Bb7 11. e4 e5 12. h3 Re8 13. dxe5 Nxe5 14. Nxe5 Bxe5
15. Be3 a6 16. Rad1 Qe7 17. Ne2 c5 18. Bxc5 Qc7 19. Bd4 Nxe4 20. Qxc7 Bxc7 21.
Nc3 Rad8 22. Bxe4 Bxe4 23. Nxe4 Rxe4 24. Be3 f5 25. Rxd8+ Bxd8 26. Rc1 Kf7 27.
Rc2 Bf6 28. Kf1 h5 29. b3 Re6 1/2-1/2